Study guide solutions manual to accompany organic chemistry
Mastering organic chemistry is likely to be among the most stimulating and exhilarating learning experiences that you have as an undergrounduate student.
Kaydedildi:
| Yazar: | |
|---|---|
| Materyal Türü: | Kitap |
| Dil: | Undetermined |
| Baskı/Yayın Bilgisi: |
Boston
Jones and Bartlett Publishers
1994
|
| Konular: | |
| Etiketler: |
Etiketle
Etiket eklenmemiş, İlk siz ekleyin!
|
| Thư viện lưu trữ: | Trung tâm Học liệu Trường Đại học Cần Thơ |
|---|
| LEADER | 00703nam a2200181Ia 4500 | ||
|---|---|---|---|
| 001 | CTU_148689 | ||
| 008 | 210402s9999 xx 000 0 und d | ||
| 082 | |a 547 | ||
| 082 | |b F791 | ||
| 100 | |a Fox, Marye Anne | ||
| 245 | 0 | |a Study guide solutions manual to accompany organic chemistry | |
| 245 | 0 | |c Marye Anne Fox, James K. Whitesell | |
| 260 | |a Boston | ||
| 260 | |b Jones and Bartlett Publishers | ||
| 260 | |c 1994 | ||
| 520 | |a Mastering organic chemistry is likely to be among the most stimulating and exhilarating learning experiences that you have as an undergrounduate student. | ||
| 650 | |a Hóa học, vô cơ,Chemistry, Organic | ||
| 980 | |a Trung tâm Học liệu Trường Đại học Cần Thơ | ||